01956cam a22004574i 4500003000900000005001700009008004100026020001500067020001800082035002700100040003300127082002300160100003100183245005700214250002100271264005800292300005500350336002100405337002500426338002300451504002800474505081100502526001001313526001001323526000901333526000901342526000901351526000901360526000901369526000901378526000801387526000801395526000801403526000801411526000801419526000801427526000801435526000801443650001701451700003001468PE-LiUPU20250929154711.0150623s1998 cl a rb 000 0 spa d a9562780597 a9789562780599 a(Sirsi) i9789562780599 aPE-LiUPUbspacPE-LiUPUerda04a574.8bJ8919982211 aJunquira, Luiz C.,eautor.10aBiología celular y molecular /cLuiz C. Junqueira. aSexta edición. 1aSantiago, Chile :bMcGraw Hill Interamericana,c1998. a324 páginas :bilustraciones ;c28 centímetros atext2rdacontent aunmediated2rdamedia avolume2rdacarrier aIncluye bibliografía.0 aUna vista panorámica sobre la estructura, funciones y evolución de las células -- Tecnología de la biología celular y molecular: algunos ejemplos -- Bases macromoleculares de la constitución celular -- Transformación y almacenamiento de energía -- Membrana plasmática. Digestión intracelular -- Comunicaciones celulares por medio de señales químicas -- Bases moleculares del citoesqueleto y de los movimientos celulares -- Almacenamiento de la información genética -- Función genética -- Síntesis de macromoléculas -- División de trabajo entre las células-matriz nuclear -- La célula vegetal -- Células procariontes -- Mecanismos de regulación de las actividades celulares: como se originan algunas enfermedades -- Los virus y sus relaciones con las células. aSEG44 aSEG26 aP159 aP155 aP154 aP153 aP150 aP100 aP31 aP30 aP26 aP25 aP24 aP22 aP15 aP1000aCitología.1 aCarneiro, José,eautor.